| 000 | 01643nam a2200469 c 4500 | ||
|---|---|---|---|
| 001 | 145306 | ||
| 003 | BLK | ||
| 005 | 20240329131632.0 | ||
| 008 | 180410b bul|||||r ||||||| ||bul|| | ||
| 010 | _aKNG00151479000 | ||
| 040 | _aBLK | ||
| 041 |
_aBUL _cBUL |
||
| 072 | 7 |
_2bullib _aК _xКраезнание |
|
| 072 | 7 |
_2bullib _aЯ _xАвтографи |
|
| 080 |
_aВъзстановяване и развитие на България след Освобождението (1878-1900) _b94(497.2)"1878/1900" _z94(497.2)"1878/1900" |
||
| 100 | 1 |
_aРадев, Иван _eпърви автор _gКръстев, Иван Радев _9363297 |
|
| 139 |
_aРадев, Иван _bР 12 |
||
| 245 | 1 | 0 |
_aСтолица на оцелелите _b[Очерци] _cИван Радев. |
| 257 | _aBGR | ||
| 260 |
_bОФ _c1984 _fВ. Търново : Д. Найденов |
||
| 300 |
_a332 с., 8 л. _bил., портр. _c21 см |
||
| 380 | _a9 | ||
| 500 | _a15 200 тир. | ||
| 650 | 4 |
_aВелико Търново - история _9272223 |
|
| 651 | 4 |
_aБългария _9241624 |
|
| 651 | 4 |
_aВелико Търново _9178697 |
|
| 653 | _aВелико Търново | ||
| 653 | _aстолици | ||
| 653 | _aнова история | ||
| 659 | _aК | ||
| 659 | _aЯ | ||
| 852 | _aЦб 129330 | ||
| 852 | _aК 94(497.2)"1878..."/Р 12 И | ||
| 856 | 4 | _qpdf | |
| 856 | 4 | _qpdf | |
| 942 |
_cKNG _n0 _01 _s1 |
||
| 944 |
_aCR _c07.10.2013 _lСевдалина Тодорова _k30540 |
||
| 944 |
_aED _c22.01.2014 _l07.10.2013 - от С1,Р / 07.10.2013 |
||
| 999 |
_c145306 _d145306 |
||
| 999 | _d145306 | ||
| 999 | _d145306 | ||
| 999 | _d145306 | ||